Welcome to CU Library Online Public Access Catalogue (OPAC)

Christ-centered preaching : (Record no. 6042)

MARC details
000 -LEADER
fixed length control field 00654cam a22002054a 4500
001 - CONTROL NUMBER
control field 13679263
005 - DATE AND TIME OF LATEST TRANSACTION
control field 20250529161529.0
008 - FIXED-LENGTH DATA ELEMENTS--GENERAL INFORMATION
fixed length control field 040806s2005 miua b 001 0 eng
020 ## - INTERNATIONAL STANDARD BOOK NUMBER
International Standard Book Number 0801027985 (hardcover)
050 00 - LIBRARY OF CONGRESS CALL NUMBER
Classification number BV4211.3
Item number .C48 2005
082 00 - DEWEY DECIMAL CLASSIFICATION NUMBER
Classification number 251
Edition information 22
100 1# - MAIN ENTRY--PERSONAL NAME
Personal name Chapell, Bryan.
245 10 - TITLE STATEMENT
Title Christ-centered preaching :
Remainder of title redeeming the expository sermon /
Statement of responsibility, etc. Bryan Chapell.
250 ## - EDITION STATEMENT
Edition statement 2nd ed.
260 ## - PUBLICATION, DISTRIBUTION, ETC.
Place of publication, distribution, etc. Grand Rapids, Mich. :
Name of publisher, distributor, etc. Baker Academic,
Date of publication, distribution, etc. c2005.
300 ## - PHYSICAL DESCRIPTION
Extent 400 p. :
Other physical details ill. ;
Dimensions 24 cm.
650 #0 - SUBJECT ADDED ENTRY--TOPICAL TERM
Topical term or geographic name entry element Preaching.
856 41 - ELECTRONIC LOCATION AND ACCESS
Materials specified Table of contents
Uniform Resource Identifier <a href="http://www.loc.gov/catdir/toc/ecip0421/2004018671.html">http://www.loc.gov/catdir/toc/ecip0421/2004018671.html</a>
942 ## - ADDED ENTRY ELEMENTS (KOHA)
Source of classification or shelving scheme Library of Congress Classification
Koha item type Books
Suppress in OPAC No
999 ## -
-- 6042
-- 6042
Holdings
Withdrawn status Lost status Source of classification or shelving scheme Damaged status Not for loan Collection Home library Current library Shelving location Date acquired Total checkouts Full call number Barcode Date last seen Copy number Price effective from Koha item type
    Library of Congress Classification     Non-fiction Undergraduate Library (Christ Temple) Undergraduate Library (Christ Temple) General stacks 05/29/2025   BV4211.3 CHA ulct00002734 05/29/2025 1 05/29/2025 Books
    Library of Congress Classification     Non-fiction Undergraduate Library (Christ Temple) Undergraduate Library (Christ Temple) General stacks 05/29/2025   BV4211.3 CHA ulct00002735 05/29/2025 2 05/29/2025 Books
    Library of Congress Classification     Non-fiction Undergraduate Library (Christ Temple) Undergraduate Library (Christ Temple) General stacks 05/29/2025   BV4211.3 CHA ulct00002736 05/29/2025 3 05/29/2025 Books
© 2023-2024 Copyright: Central University Libraries. All Rights Reserved | Created by: Mahone Tech Office